| 000 | 00692nam a22002297a 4500 | ||
|---|---|---|---|
| 005 | 20230119151213.0 | ||
| 008 | 230119b ||||| |||| 00| 0 eng d | ||
| 040 | _cAL | ||
| 041 | _aeng | ||
| 082 |
_223 _a303.4 _bKARS |
||
| 100 |
_aKarnataka University Dharwad _969472 |
||
| 245 |
_aSocio Economic transformation of India: _bDr Ambedkars vision |
||
| 260 |
_aDharwad _bKarnatak University _c1983 |
||
| 300 |
_avii,164p. _bPB _c21x14cm. |
||
| 650 |
_aSocial Order _969461 |
||
| 650 |
_aSecularsim _969462 |
||
| 650 |
_aSocial Reform _969463 |
||
| 650 |
_aLand Reforms _969464 |
||
| 650 |
_aAmbedkar and Gandhi _969465 |
||
| 700 |
_aKARNATAKA UNIVERSITY DHARWAD _969466 |
||
| 942 |
_2ddc _cDB |
||
| 999 |
_c226385 _d226385 |
||